Educated : (No. rekod 1708)

000 -LEADER
fixed length control field 03037cam a2200325 i 4500
003 - CONTROL NUMBER IDENTIFIER
control field KPN
005 - DATE AND TIME OF LATEST TRANSACTION
control field 20260210160253.0
008 - FIXED-LENGTH DATA ELEMENTS--GENERAL INFORMATION
fixed length control field 2026021b 00| 0 eng d
020 ## - INTERNATIONAL STANDARD BOOK NUMBER
International Standard Book Number 9780399590528
Qualifying information paperback
Terms of availability RM57.00
040 ## - CATALOGING SOURCE
Transcribing agency KPN
082 00 - DEWEY DECIMAL CLASSIFICATION NUMBER
Edition number 23
Classification number 270.092 WES 2018
100 1# - MAIN ENTRY--PERSONAL NAME
Personal name Westover, Tara,
Relator term author.
245 10 - TITLE STATEMENT
Title Educated :
Remainder of title a memoir /
Statement of responsibility, etc. Tara Westover.
250 ## - EDITION STATEMENT
Edition statement First edition.
264 #1 - PRODUCTION, PUBLICATION, DISTRIBUTION, MANUFACTURE, AND COPYRIGHT NOTICE
Place of production, publication, distribution, manufacture New York :
Name of producer, publisher, distributor, manufacturer Random House,
Date of production, publication, distribution, manufacture, or copyright notice 2018
300 ## - PHYSICAL DESCRIPTION
Extent xiii, 336 pages ;
Dimensions 25 cm
505 0# - FORMATTED CONTENTS NOTE
Formatted contents note Choose the good -- The midwife -- Cream shoes -- Apache women -- Honest dirt -- Shield and buckler -- The Lord will provide -- Tiny harlots -- Perfect in his generations -- Shield of feathers -- Instinct -- Fish eyes -- Silence and the churches -- My feet no longer touch the earth -- No more a child -- Disloyal man, disobedient heaven -- To keep it holy -- Blood and feathers -- In the beginning -- Recitals of the fathers -- Skullcap -- What we whispered and what we screamed -- "I'm from Idaho" -- A knight, errant -- The work of sulphur -- Waiting for moving water -- If i were a woman -- Pygmalion -- Graduation -- The hand of the almighty -- Tragedy -- A brawling woman in a wide house -- Sorcery of physics -- The substance of things -- West of the sun -- Four long arms, whirling -- Gambling for redemption -- The family, morality, and social science -- The princess -- Educated.
520 ## - SUMMARY, ETC.
Summary, etc. "Tara Westover was seventeen the first time she set foot in a classroom. Born to survivalists in the mountains of Idaho, she prepared for the end of the world by stockpiling home-canned peaches and sleeping with her "head-for-the-hills bag." In the summer she stewed herbs for her mother, a midwife and healer, and in the winter she salvaged in her father's junkyard. The family was so isolated from mainstream society that there was no one to ensure the children received an education, and no one to intervene when one of Tara's older brothers became violent. As a way out, Tara began to educate herself, learning enough mathematics and grammar to be admitted to Brigham Young University. Her quest for knowledge would transform her, taking her over oceans and across continents, to Harvard and to Cambridge. Only then would she wonder if she'd traveled too far, if there was still a way home. With the acute insight that distinguishes all great writers, Tara Westover has crafted a universal coming-of-age story that gets to the heart of what an education offers: the perspective to see one's life through new eyes, and the will to change it."--Provided by publisher.
600 10 - SUBJECT ADDED ENTRY--PERSONAL NAME
Personal name Westover, Tara
General subdivision Family.
650 #0 - SUBJECT ADDED ENTRY--TOPICAL TERM
Topical term or geographic name entry element Women
Geographic subdivision Idaho
Form subdivision Biography.
Topical term or geographic name entry element Survivalism
Geographic subdivision Idaho
Form subdivision Biography.
Topical term or geographic name entry element Home schooling
Geographic subdivision Idaho
Form subdivision Anecdotes.
Topical term or geographic name entry element Women college students
Geographic subdivision United States
Form subdivision Biography.
Topical term or geographic name entry element Victims of family violence
Geographic subdivision Idaho
Form subdivision Biography.
Topical term or geographic name entry element Subculture
Geographic subdivision Idaho.
Topical term or geographic name entry element Christian biography.
Topical term or geographic name entry element Idaho
General subdivision Rural conditions
Form subdivision Anecdotes.
651 #0 - SUBJECT ADDED ENTRY--GEOGRAPHIC NAME
Geographic name Idaho
Form subdivision Biography.
942 ## - ADDED ENTRY ELEMENTS (KOHA)
Source of classification or shelving scheme
Koha item type Book
Suppress in OPAC No
Pemilik
Withdrawn status Lost status Source of classification or shelving scheme Damaged status Not for loan Home library Current library Shelving location Date acquired Total Checkouts Full call number Barcode Date last seen Date last checked out Price effective from Koha item type
          Perpustakaan Kementerian Perpaduan Malaysia Perpustakaan Kementerian Perpaduan Malaysia Non- Fiction Rack - Religion 10/02/2026 1 270.092 WES 2018 KPN26020002 13/04/2026 27/03/2026 10/02/2026 Book